000 00680nam a2200181Ia 4500
008 100917s9999 xx 000 0 und d
082 _b15943
100 _aचिपळूणकर विष्णुशास्त्री
245 _aविव्दत्त्व आणि कवित्व व वक्तृत्व
260 _b---
_c1922
300 _a103
365 _b0
520 _aनिबंध
630 _aविव्दत्त्व आणि कवित्व व वक्तृत्व
650 _aनिबंध
730 _aविव्दत्त्व आणि कवित्व व वक्तृत्व
942 _cBOOK
999 _c621337
_d621334